000 00647nam a2200217 i 4500
001 24474
003 ES-MaACL
005 20240430092628.0
007 t|
008 021217s1962 sp ||||1| spa d
080 _a821.111-1"19"(082.2)
245 0 0 _aAntología de poetas ingleses modernos /
_cintroducción de Dámaso Alonso.
260 _aMadrid :
_bGredos,
_c[1962]
300 _a306 p. ;
_c20 cm.
490 1 _aAntología hispánica
650 7 _aPoesía inglesa-
_yS.XX
_2
_9154107
700 1 _aAlonso, Dámaso,
_d1898-1990
_920195
830 0 _aAntología hispánica
_9180953
852 _aES-MaACL
_jC-21598
999 _c24474
_d24474